[Event "Open A"]
[Site "Panevezys"]
[Date "2008.08.15"]
[Round "5.21"]
[White "Petraitis, Gintautas"]
[Black "Pomaro, Stefano"]
[Result "1-0"]
[WhiteElo "2071"]
[BlackElo "1882"]
[PlyCount "37"]
[EventDate "2008.08.12"]

1. d4 f5 2. Bg5 Nf6 3. Nc3 e6 4. e4 fxe4 5. Bxf6 Qxf6 6. Nxe4 Qh6 7. Nf3 Be7 8.
h4 b6 9. Bd3 Ba6 10. g4 Qf4 11. Neg5 Bb7 12. Rh3 Bxg5 13. Nxg5 Rf8 14. Qe2 Nc6
15. Rf3 Qxd4 16. Rxf8+ Kxf8 17. Qf3+ Ke7 18. Qf7+ Kd6 19. Ne4+ 1-0

[Event "Open A"]
[Site "Panevezys"]
[Date "2008.08.15"]
[Round "5.22"]
[White "Narva, Triin"]
[Black "Kuvsinov, Anatolij"]
[Result "1/2-1/2"]
[WhiteElo "1835"]
[BlackElo "1984"]
[PlyCount "87"]
[EventDate "2008.08.12"]

1. e4 e5 2. Nc3 d6 3. g3 Nf6 4. Bg2 Be7 5. d3 O-O 6. f4 c5 7. Nf3 Nc6 8. O-O
Bd7 9. h3 Rb8 10. g4 Nd4 11. g5 Ne8 12. Nd5 f6 13. Nxd4 cxd4 14. h4 Be6 15.
Nxe7+ Qxe7 16. Qf3 Nc7 17. Qg3 Kh8 18. f5 Bd7 19. h5 fxg5 20. Bxg5 Qf7 21. f6
Ne6 22. h6 gxh6 23. Bxh6 Rg8 24. Qh4 Rg6 25. Rf2 Nf4 26. Bxf4 exf4 27. Rxf4
Rbg8 28. Rf2 Rg4 29. Qh2 Rg3 30. Rd1 Bh3 31. Rdd2 Bxg2 32. Rxg2 Rxg2+ 33. Rxg2
Qxf6 34. Rxg8+ Kxg8 35. Qg3+ Qg6 36. Qxg6+ hxg6 37. Kg2 b5 38. c3 dxc3 39. bxc3
Kf7 40. Kf3 Kf6 41. Kf4 a5 42. a3 g5+ 43. Kg4 Kg6 44. d4 1/2-1/2

[Event "Open A"]
[Site "Panevezys"]
[Date "2008.08.15"]
[Round "5.24"]
[White "Klabis, Rokas"]
[Black "Zemlickas, Arunas"]
[Result "1-0"]
[WhiteElo "1838"]
[BlackElo "2095"]
[PlyCount "107"]
[EventDate "2008.08.12"]

1. e4 c5 2. d4 cxd4 3. c3 dxc3 4. Nxc3 Nc6 5. Nf3 e6 6. Bc4 Bb4 7. O-O Nge7 8.
Bf4 d6 9. a3 Bxc3 10. bxc3 e5 11. Ng5 Be6 12. Bxe6 fxe6 13. Nxe6 Qd7 14. Nxg7+
Kd8 15. Bg3 Rg8 16. Nf5 Kc7 17. Ne3 Raf8 18. Rb1 Rg6 19. Qb3 Kb8 20. Rfd1 Na5
21. Qb4 Nec6 22. Qb5 a6 23. Qxa6 Qf7 24. Nf5 Qc4 25. Qxc4 Nxc4 26. a4 h5 27. a5
N6xa5 28. Rb4 Kc7 29. Ne7 Rg4 30. f3 Rg7 31. Nf5 Rg6 32. Rd5 Ra8 33. f4 exf4
34. Bxf4 Re8 35. Rc5+ Kd7 36. Rcxc4 Nxc4 37. Rxc4 Rge6 38. Rd4 Rxe4 39. Rxd6+
Kc8 40. Bg3 Rf8 41. Rd5 Ra4 42. h3 b6 43. Nd6+ Kc7 44. Rxh5 Kc6 45. Rh6 Ra1+
46. Kh2 Rff1 47. Ne4+ Kd5 48. Nf6+ Kc4 49. Be5 b5 50. Rh4+ Kc5 51. Bd4+ Kc6 52.
Rh5 Rab1 53. Rc5+ Kd6 54. Ne4+ 1-0

[Event "Open A"]
[Site "Panevezys"]
[Date "2008.08.15"]
[Round "5.28"]
[White "Novikovas, Anatolijus"]
[Black "Ralys, Vincas"]
[Result "1-0"]
[WhiteElo "1900"]
[BlackElo "1841"]
[PlyCount "143"]
[EventDate "2008.08.12"]

1. e4 e5 2. Nf3 Nc6 3. Bc4 Nf6 4. Ng5 d5 5. exd5 Na5 6. Bb5+ Bd7 7. Qe2 Bd6 8.
Nc3 O-O 9. Bxd7 Qxd7 10. O-O Rfe8 11. d3 c6 12. dxc6 Nxc6 13. Nge4 Nxe4 14.
dxe4 Nd4 15. Qd3 Qg4 16. f3 Qe6 17. Be3 Bc5 18. Na4 b6 19. Nxc5 bxc5 20. c3 c4
21. Qd2 Nc6 22. Qc2 Rad8 23. Rfd1 h6 24. Rxd8 Rxd8 25. Rd1 Rd3 26. Rxd3 cxd3
27. Qxd3 Qxa2 28. b4 a6 29. h3 Qb3 30. Bc5 Qa3 31. Qe3 Qb3 32. Kh2 a5 33. bxa5
Nxa5 34. Bb4 Nc6 35. Qc5 Qe6 36. Ba3 Qf6 37. Bc1 Ne7 38. c4 Nc6 39. Qb6 Qd6 40.
Be3 Qf6 41. c5 Qe6 42. Qc7 g5 43. Qd6 Qxd6 44. cxd6 Kf8 45. Kg3 Kg7 46. Bb6 Nb8
47. h4 Kg6 48. hxg5 hxg5 49. Kg4 Nd7 50. Bd8 f6 51. Bc7 Nf8 52. Bd8 Nd7 53. Kg3
Kf7 54. Be7 Nb6 55. Kf2 Ke6 56. g4 Nd7 57. Ke2 Kf7 58. Kd3 Ke6 59. Kc4 Nb6+ 60.
Kc5 Nd7+ 61. Kc6 Nb8+ 62. Kb7 Nd7 63. Kc7 Nc5 64. Kc6 Nd7 65. Bd8 Nb8+ 66. Kc7
Nd7 67. Be7 Nc5 68. Kd8 Kf7 69. Kc8 Ne6 70. Bd8 Nc5 71. Bb6 Na4 72. Bf2 1-0

[Event "Open A"]
[Site "Panevezys"]
[Date "2008.08.15"]
[Round "5.29"]
[White "Jankunas, Valentinas"]
[Black "Januseviciute, Donata"]
[Result "1/2-1/2"]
[WhiteElo "1843"]
[BlackElo "1856"]
[PlyCount "27"]
[EventDate "2008.08.12"]

1. e4 e6 2. d4 d5 3. Nd2 c5 4. exd5 exd5 5. Bb5+ Bd7 6. Bxd7+ Nxd7 7. Ngf3 Qe7+
8. Qe2 Ngf6 9. Qxe7+ Bxe7 10. O-O O-O 11. dxc5 Nxc5 12. Nd4 Nfe4 13. N2f3 Rac8
14. Rd1 1/2-1/2

[Event "Open A"]
[Site "Panevezys"]
[Date "2008.08.15"]
[Round "6.1"]
[White "Lasinskas, Povilas"]
[Black "Solodovnichenko, Yuri"]
[Result "0-1"]
[WhiteElo "2269"]
[BlackElo "2541"]
[PlyCount "50"]
[EventDate "2008.08.12"]

1. d4 g6 2. c4 Bg7 3. Nf3 c5 4. d5 f5 5. e4 fxe4 6. Ng5 Nf6 7. Nc3 O-O 8. Ngxe4
Nxe4 9. Nxe4 d6 10. Bd3 Nd7 11. O-O Ne5 12. Be2 Bf5 13. Ng3 Qd7 14. f4 Ng4 15.
Nxf5 gxf5 16. Bxg4 fxg4 17. Qc2 Qf5 18. Qxf5 Bd4+ 19. Kh1 Rxf5 20. Rb1 e6 21.
dxe6 Re8 22. b4 Rxe6 23. bxc5 g3 24. cxd6 Rh5 25. h3 Re2 0-1

[Event "Open A"]
[Site "Panevezys"]
[Date "2008.08.15"]
[Round "6.2"]
[White "Kveinys, Aloyzas"]
[Black "Labuckas, Aidas"]
[Result "0-1"]
[WhiteElo "2527"]
[BlackElo "2288"]
[PlyCount "78"]
[EventDate "2008.08.12"]

1. c4 e5 2. g3 Nc6 3. Bg2 g6 4. Nc3 Bg7 5. Rb1 d6 6. b4 Nf6 7. d3 O-O 8. b5 Nd4
9. e3 Ne6 10. Nge2 Nc5 11. O-O Kh8 12. h3 Ng8 13. Qc2 Bf5 14. e4 Bc8 15. Be3
Ne6 16. Qd2 Nd4 17. f4 Ne7 18. Rf2 f5 19. fxe5 dxe5 20. Bg5 Ne6 21. Bxe7 Qxe7
22. exf5 gxf5 23. Rbf1 Qc5 24. Kh1 Nd4 25. Nxd4 Qxd4 26. Nd5 Rf7 27. Be4 Be6
28. Bxf5 Bxf5 29. Rxf5 Rxf5 30. Rxf5 e4 31. Nxc7 exd3 32. Rf4 Qa1+ 33. Kg2 Rg8
34. Rf3 Bd4 35. Rf1 Rxg3+ 36. Kxg3 Qxf1 37. Nd5 Qe2 38. Qa5 Be5+ 39. Kh4 Qe4+
0-1

[Event "Open A"]
[Site "Panevezys"]
[Date "2008.08.15"]
[Round "6.4"]
[White "Malinin, Yuri"]
[Black "Narmontas, Tauras"]
[Result "1-0"]
[WhiteElo "2353"]
[BlackElo "2256"]
[PlyCount "61"]
[EventDate "2008.08.12"]

1. d4 Nf6 2. c4 e6 3. Nc3 Bb4 4. Qc2 d5 5. cxd5 exd5 6. Bg5 O-O 7. e3 c6 8. Bd3
h6 9. Bh4 Nbd7 10. Nf3 Re8 11. O-O Be7 12. Rab1 a5 13. a3 Ne4 14. Bxe7 Qxe7 15.
b4 axb4 16. axb4 Ng5 17. Nxg5 Qxg5 18. Ne2 Nf6 19. b5 Bd7 20. bxc6 bxc6 21. Rb7
Reb8 22. Rxb8+ Rxb8 23. Rc1 h5 24. Nf4 g6 25. Qc5 Kg7 26. Qe7 Re8 27. Qd6 h4
28. h3 Ra8 29. Rb1 Bf5 30. Rb7 Bxd3 31. Ne6+ 1-0

[Event "Open A"]
[Site "Panevezys"]
[Date "2008.08.15"]
[Round "6.6"]
[White "Dambrauskas, Virginijus"]
[Black "Laurusaite, Brigita"]
[Result "1-0"]
[WhiteElo "2341"]
[BlackElo "2039"]
[PlyCount "100"]
[EventDate "2008.08.12"]

1. d4 d5 2. c4 dxc4 3. Qa4+ Nc6 4. e3 e5 5. Nf3 Bd7 6. Qxc4 exd4 7. Nxd4 Nf6 8.
Be2 Nxd4 9. Qxd4 Bc6 10. Qxd8+ Rxd8 11. O-O Be7 12. Nc3 a6 13. Rd1 Rxd1+ 14.
Bxd1 O-O 15. Bd2 Rd8 16. Be1 Nd7 17. Be2 Nc5 18. Rd1 Rxd1 19. Nxd1 Bf6 20. Bc3
Bxc3 21. Nxc3 Kf8 22. f3 Na4 23. Nxa4 Bxa4 24. e4 Ke7 25. Kf2 Kd6 26. Bc4 Be8
27. Ke3 Kc5 28. Bb3 a5 29. a3 b5 30. h4 Kd6 31. f4 f6 32. Bd5 c5 33. Kd3 f5 34.
Bg8 fxe4+ 35. Kxe4 Bc6+ 36. Kf5 b4 37. Bxh7 c4 38. axb4 axb4 39. g4 Ba4 40. Kg6
Bc2+ 41. f5 Be4 42. Kxg7 c3 43. bxc3 bxc3 44. f6 c2 45. f7 c1=Q 46. f8=Q+ Ke6
47. Qe8+ Kd6 48. Bxe4 Qc3+ 49. Kg6 Qh3 50. Kh5 Qf1 1-0

[Event "Open A"]
[Site "Panevezys"]
[Date "2008.08.15"]
[Round "6.7"]
[White "Limontas, Martynas"]
[Black "Gabrilavicius, Arunas"]
[Result "0-1"]
[WhiteElo "2275"]
[BlackElo "2123"]
[PlyCount "62"]
[EventDate "2008.08.12"]

1. d4 d5 2. Bg5 h6 3. Bh4 c5 4. e4 Nc6 5. Nc3 cxd4 6. Nxd5 Nf6 7. Bxf6 gxf6 8.
Qf3 h5 9. Be2 Qa5+ 10. Kf1 Be6 11. Nh3 Bxd5 12. exd5 Ne5 13. Qe4 O-O-O 14. Nf4
Bh6 15. Nxh5 Rxd5 16. b4 Qd8 17. Nf4 Bxf4 18. Qxf4 Kb8 19. h4 Ka8 20. Rh3 Ng6
21. Qh2 e5 22. g3 e4 23. h5 Ne5 24. g4 d3 25. cxd3 exd3 26. Bf3 Nxf3 27. Rxf3
d2 28. Rd1 Qc8 29. Qf4 Qc2 30. Ke2 Re8+ 31. Re3 Rc8 0-1

[Event "Open A"]
[Site "Panevezys"]
[Date "2008.08.15"]
[Round "6.8"]
[White "Klimciauskas, Domantas"]
[Black "Godlauskas, Kazys"]
[Result "1/2-1/2"]
[WhiteElo "2222"]
[BlackElo "2262"]
[PlyCount "52"]
[EventDate "2008.08.12"]

1. e4 e6 2. d4 d5 3. Nc3 Nf6 4. Bg5 Be7 5. e5 Nfd7 6. Bxe7 Qxe7 7. Qd2 a6 8. f4
Nb6 9. Nf3 Bd7 10. Bd3 Nc6 11. a3 O-O-O 12. O-O-O Kb8 13. g4 Na5 14. f5 Nac4
15. Qf4 f6 16. exf6 Qxf6 17. Bxc4 Nxc4 18. Ne5 exf5 19. Nxd5 Qd6 20. Nxc4 Qxd5
21. Nb6 Qa2 22. Nxd7+ Rxd7 23. c3 fxg4 24. Qxg4 Rf7 25. Rhe1 Rhf8 26. Qe6 Qxe6
1/2-1/2

[Event "Open A"]
[Site "Panevezys"]
[Date "2008.08.15"]
[Round "6.9"]
[White "Narmontas, Raimondas"]
[Black "Grigaliunas, Sigitas"]
[Result "0-1"]
[WhiteElo "2148"]
[BlackElo "2113"]
[PlyCount "90"]
[EventDate "2008.08.12"]

1. e4 e5 2. Nf3 Nc6 3. Bc4 Bc5 4. b4 Bxb4 5. c3 Ba5 6. O-O Bb6 7. d4 d6 8. dxe5
dxe5 9. Qxd8+ Nxd8 10. Nxe5 Be6 11. Bb3 Nf6 12. Re1 h6 13. Ba3 a5 14. Ba4+ c6
15. Bd6 Nd7 16. Nxd7 Bxd7 17. Nd2 Ba7 18. Bc2 b5 19. a4 Nb7 20. Bg3 O-O 21.
Reb1 Bc5 22. Nc4 Rfc8 23. Ne5 Be8 24. Bd3 Nd6 25. Nf3 bxa4 26. Rxa4 Nb5 27. Rc1
Rd8 28. Bf1 Kf8 29. Ne5 Nd6 30. Rb1 Nb5 31. Rc1 Ra7 32. Rc4 Ba3 33. Rb1 c5 34.
Bf4 f6 35. Nd3 Bf7 36. Nxc5 Bxc4 37. Bxc4 Bxc5 38. Rxb5 Be7 39. Bd5 a4 40. Rb2
a3 41. Ra2 Rb7 42. g4 Rb2 43. Ra1 Bc5 44. Be3 Bxe3 45. fxe3 Rxd5 0-1

[Event "Open A"]
[Site "Panevezys"]
[Date "2008.08.15"]
[Round "6.10"]
[White "Rogule, Laura"]
[Black "Beinoraite, Viktorija"]
[Result "1-0"]
[WhiteElo "2265"]
[BlackElo "2012"]
[PlyCount "145"]
[EventDate "2008.08.12"]

1. c4 e6 2. Nc3 d5 3. d4 Nf6 4. Bg5 c6 5. e3 Nbd7 6. Qc2 Qa5 7. c5 b6 8. cxb6
axb6 9. Bd3 Bb4 10. Nge2 c5 11. Qc1 Ba6 12. Bxa6 Qxa6 13. Bxf6 Nxf6 14. O-O O-O
15. a3 Bxc3 16. Nxc3 Rfc8 17. Qd2 Ne8 18. e4 dxe4 19. dxc5 Rxc5 20. Nxe4 Rd5
21. Qc2 Rc8 22. Nc3 Nf6 23. Rfd1 h6 24. Qb3 Rg5 25. Rd6 Qa8 26. g3 Ng4 27. Qd1
h5 28. Qd4 Ne5 29. Qe4 Qb8 30. Rd4 Ng4 31. Rad1 h4 32. Qd3 hxg3 33. Rd8+ Rxd8
34. Qxd8+ Qxd8 35. Rxd8+ Kh7 36. hxg3 Rf5 37. f4 e5 38. Rd5 f6 39. Rb5 Kg6 40.
Ne2 e4 41. Rxb6 Rd5 42. Nc3 Rd4 43. Rb4 Rd3 44. Nxe4 f5 45. Rb6+ Kh5 46. Rb5
Kg6 47. Ng5 Kh5 48. a4 Rxg3+ 49. Kf1 Kh4 50. Ke2 Rg2+ 51. Kd3 Kg3 52. Ne6 Nf2+
53. Kd4 Rg1 54. Rxf5 Rd1+ 55. Kc3 Ne4+ 56. Kc2 Rd2+ 57. Kb3 g6 58. Re5 Kf3 59.
a5 Rd6 60. Kb4 Nd2 61. Kc5 Ra6 62. b4 Nb3+ 63. Kc4 Nd2+ 64. Kb5 Ra8 65. Kc6 Nc4
66. Rg5 Ra6+ 67. Kb5 Rxe6 68. Kxc4 Kxf4 69. Rg1 g5 70. b5 Re2 71. a6 Rc2+ 72.
Kb3 Rc8 73. a7 1-0

[Event "Open A"]
[Site "Panevezys"]
[Date "2008.08.15"]
[Round "6.11"]
[White "Milasevicius, Jonas"]
[Black "Kalvaitis, Sigitas"]
[Result "0-1"]
[WhiteElo "2019"]
[BlackElo "2256"]
[PlyCount "62"]
[EventDate "2008.08.12"]

1. Nf3 Nf6 2. d4 e6 3. Bg5 h6 4. Bh4 c5 5. e3 b6 6. c3 Bb7 7. Bd3 g5 8. Bg3 g4
9. Nh4 Be7 10. h3 h5 11. Rh2 Ne4 12. Bxe4 Bxe4 13. hxg4 hxg4 14. Qxg4 d5 15.
Nd2 Bc2 16. Ndf3 Nd7 17. Ne5 Nxe5 18. dxe5 Kd7 19. Kd2 Be4 20. Rah1 Rg8 21. Qd1
b5 22. Nf3 Qa5 23. a3 b4 24. axb4 cxb4 25. Qa1 bxc3+ 26. bxc3 Ba3 27. Nd4 Rab8
28. Rd1 Rb2+ 29. Ke1 Rxg3 30. fxg3 Qxc3+ 31. Kf1 Qxe3 0-1

[Event "Open A"]
[Site "Panevezys"]
[Date "2008.08.15"]
[Round "6.12"]
[White "Zebelis, Rimantas"]
[Black "Zilinskas, Vaidas"]
[Result "1-0"]
[WhiteElo "1994"]
[BlackElo "2147"]
[PlyCount "76"]
[EventDate "2008.08.12"]

1. d4 d6 2. Nf3 g6 3. g3 Bg7 4. Bg2 Nc6 5. O-O e5 6. d5 Nce7 7. e4 f5 8. c4 Nf6
9. Nc3 h6 10. c5 fxe4 11. cxd6 cxd6 12. Nxe4 Nxe4 13. Qa4+ Bd7 14. Qxe4 O-O 15.
a4 Qa5 16. Nd2 Rac8 17. Nc4 Qc7 18. b3 Bf5 19. Qe2 Rce8 20. Ba3 Nc8 21. Rac1
Qd7 22. f3 h5 23. h4 Rf6 24. Kh2 b5 25. Ne3 bxa4 26. bxa4 Qxa4 27. Bb2 Bh6 28.
Rc7 Rf7 29. Rxf7 Kxf7 30. Nxf5 gxf5 31. g4 Nb6 32. Ra1 Qc4 33. Rxa7+ Re7 34.
Rxe7+ Kxe7 35. Qf2 Nxd5 36. g5 Bf8 37. Bf1 Qa2 38. Qc2 Qa7 1-0

[Event "Open A"]
[Site "Panevezys"]
[Date "2008.08.15"]
[Round "6.13"]
[White "Silkus, Algirdas"]
[Black "Kubilius, Jonas"]
[Result "1-0"]
[WhiteElo "1897"]
[BlackElo "2085"]
[PlyCount "119"]
[EventDate "2008.08.12"]

1. e4 c5 2. Nf3 Nc6 3. d4 cxd4 4. Nxd4 Nf6 5. Nc3 a6 6. Be2 e6 7. O-O Bb4 8.
Nxc6 bxc6 9. e5 Bxc3 10. bxc3 Nd5 11. Qd4 Qb6 12. Qxb6 Nxb6 13. c4 Na4 14. Ba3
Nc3 15. Bd3 Rb8 16. Bd6 Rb2 17. a4 a5 18. Bc7 O-O 19. Bxa5 Na2 20. Rfb1 Rxb1+
21. Rxb1 c5 22. Ra1 Nb4 23. Bxb4 cxb4 24. Rb1 Bb7 25. Rxb4 Bc6 26. a5 g6 27. a6
Kg7 28. f3 Ra8 29. Rb6 Ra7 30. Be4 Bxe4 31. fxe4 Kf8 32. Kf2 Ke7 33. Ke3 Kd8
34. Kd4 Kc7 35. Kc5 h6 36. g4 h5 37. gxh5 gxh5 38. h4 Kc8 39. Kd6 Ra8 40. Ke7
Ra7 41. Rd6 Rc7 42. Kxf7 Rxc4 43. Rb6 Kc7 44. Rb7+ Kc6 45. Rb8 Ra4 46. Rc8+ Kb6
47. Rd8 Rxe4 48. a7 Kxa7 49. Rxd7+ Kb6 50. Kxe6 Rxh4 51. Rd3 Rh2 52. Rc3 Rg2
53. Ke7 h4 54. e6 Rg3 55. Rc4 Rg7+ 56. Kf6 Rh7 57. e7 Rh8 58. Kg7 Ra8 59. Kf7
h3 60. e8=Q 1-0

[Event "Open A"]
[Site "Panevezys"]
[Date "2008.08.15"]
[Round "6.15"]
[White "Batkovskyte, Dominyka"]
[Black "Vaitonis, Vytautas"]
[Result "1/2-1/2"]
[WhiteElo "1934"]
[BlackElo "2078"]
[PlyCount "49"]
[EventDate "2008.08.12"]

1. d4 Nf6 2. c4 g6 3. Nc3 Bg7 4. Nf3 d6 5. Bg5 h6 6. Bh4 c6 7. e3 O-O 8. Be2
Nbd7 9. O-O Qc7 10. h3 e5 11. Rc1 Re8 12. Bg3 a5 13. Qc2 Qd8 14. Rfd1 Qe7 15.
b3 e4 16. Nd2 Nf8 17. Qb2 N8h7 18. Re1 Bf5 19. Bf1 Ng5 20. a3 Bf8 21. Ra1 Qd8
22. b4 Ne6 23. Be2 Ng5 24. Bf1 Ne6 25. Be2 1/2-1/2

[Event "Open A"]
[Site "Panevezys"]
[Date "2008.08.15"]
[Round "6.16"]
[White "Balcaite, Agne"]
[Black "Petraitis, Gintautas"]
[Result "1-0"]
[WhiteElo "1830"]
[BlackElo "2071"]
[PlyCount "31"]
[EventDate "2008.08.12"]

1. e4 e5 2. Nf3 Nc6 3. d4 exd4 4. Nxd4 Qh4 5. Nb5 Bb4+ 6. c3 Qxe4+ 7. Be2 Ba5
8. O-O Nge7 9. Nd2 Qf5 10. Nc4 a6 11. Nbd6+ cxd6 12. Nxd6+ Kd8 13. Nxf5 Nxf5
14. Qd5 d6 15. Qxf7 Re8 16. Bg5+ 1-0

[Event "Open A"]
[Site "Panevezys"]
[Date "2008.08.15"]
[Round "6.18"]
[White "Barsciauskas, Gintautas"]
[Black "Stalemekas, Ernestas"]
[Result "1-0"]
[WhiteElo "1920"]
[BlackElo "2151"]
[PlyCount "89"]
[EventDate "2008.08.12"]

1. d3 d5 2. Nd2 e5 3. e4 d4 4. c4 c5 5. Be2 Nc6 6. a3 Be7 7. Ngf3 Nf6 8. O-O
O-O 9. Re1 Ne8 10. Nf1 Nd6 11. Ng3 Rb8 12. h3 b5 13. b3 Rb7 14. Bd2 f5 15. exf5
Nxf5 16. Ne4 bxc4 17. bxc4 h6 18. Nh2 Bd7 19. Qc2 Qc7 20. Reb1 Rfb8 21. g3 g5
22. Qc1 Na5 23. Rxb7 Rxb7 24. Rb1 Nb3 25. Qe1 Nxd2 26. Nxd2 Rxb1 27. Qxb1 Nd6
28. Ng4 h5 29. Nxe5 Bxh3 30. Bxh5 Nf5 31. f4 Nxg3 32. Bf3 gxf4 33. Bd5+ Kh7 34.
Ndf3 Bd6 35. Nf7 Bf5 36. Qc2 Kg7 37. Qh2 Kf8 38. Qh8+ Ke7 39. Nh6 Kd7 40. Nxf5
Nxf5 41. Qh3 Qb6 42. Qxf5+ Kc7 43. Qf7+ Kc8 44. Be6+ Kb8 45. Qe8+ 1-0

[Event "Open A"]
[Site "Panevezys"]
[Date "2008.08.15"]
[Round "6.19"]
[White "Kviliunas, Vladislovas"]
[Black "Rudys, Arunas"]
[Result "1/2-1/2"]
[WhiteElo "1877"]
[BlackElo "2065"]
[PlyCount "123"]
[EventDate "2008.08.12"]

1. d4 Nf6 2. Nf3 e6 3. c4 Bb4+ 4. Bd2 a5 5. a3 Be7 6. Nc3 d6 7. Qc2 Nbd7 8. e4
e5 9. dxe5 dxe5 10. h3 c6 11. Be3 Qc7 12. Be2 O-O 13. O-O b6 14. Rfd1 Re8 15.
Rac1 Bb7 16. Nh2 Bc5 17. Ng4 Bxe3 18. Nxe3 Nc5 19. Nf5 a4 20. Rb1 Re6 21. Re1
g6 22. Nh6+ Kh8 23. Ng4 Nh5 24. g3 Ng7 25. Nh2 Rf6 26. Ng4 Re6 27. Nh2 Re7 28.
Rbd1 Nge6 29. Nf3 Nb3 30. Nd2 Nbd4 31. Qc1 Nc5 32. Nf3 Kg7 33. Qg5 h6 34. Qh4
Rd8 35. Nh2 Re6 36. Ng4 h5 37. Nh2 Qe7 38. Qxe7 Rxe7 39. g4 Red7 40. Bf1 hxg4
41. hxg4 g5 42. Kg2 Nc2 43. Re2 Rxd1 44. Nxd1 Rxd1 45. Rxc2 Nxe4 46. Nf3 c5 47.
Kg1 f6 48. Nh2 Kf7 49. f3 Ng3 50. Kf2 Nxf1 51. Nxf1 e4 52. Ne3 Rh1 53. Kg2 Rb1
54. Nf5 exf3+ 55. Kf2 Ke6 56. Rd2 Ke5 57. Nd6 Bc6 58. Ke3 Re1+ 59. Kf2 Rh1 60.
Ke3 f2 61. Nf7+ Ke6 62. Nd8+ 1/2-1/2

[Event "Open A"]
[Site "Panevezys"]
[Date "2008.08.15"]
[Round "6.20"]
[White "Kuvsinov, Anatolij"]
[Black "Klabis, Rokas"]
[Result "1-0"]
[WhiteElo "1984"]
[BlackElo "1838"]
[PlyCount "95"]
[EventDate "2008.08.12"]

1. e4 c5 2. Nf3 d6 3. c3 Nf6 4. Be2 Nc6 5. d3 g6 6. O-O Bg7 7. Nbd2 O-O 8. a3
b6 9. b4 a6 10. Bb2 Bb7 11. d4 Nd7 12. d5 Nce5 13. Nxe5 dxe5 14. a4 f5 15. f3
f4 16. a5 b5 17. Nb3 c4 18. Nc5 Qc8 19. Ba3 Rf6 20. Qe1 g5 21. h4 Rg6 22. hxg5
Rxg5 23. Kf2 Nf8 24. Rh1 Qc7 25. Rd1 Rd8 26. Kf1 Bc8 27. Bc1 Rg3 28. Be3 Rd6
29. Bf2 Rg5 30. Bg1 Rdg6 31. Rh2 Rxg2 32. Rxg2 Bh3 33. Qh4 Bxg2+ 34. Kf2 Bf6
35. Qh2 Qc8 36. Bf1 Bxf1 37. Kxf1 h6 38. Bf2 Nh7 39. Ke2 Bg5 40. Rg1 Qe8 41.
Qh3 Nf8 42. Qf5 Rf6 43. Qxe5 Ng6 44. Qd4 Kh7 45. Ne6 Bh4 46. e5 Rf5 47. Bxh4
Nxh4 48. Ng7 1-0

[Event "Open A"]
[Site "Panevezys"]
[Date "2008.08.15"]
[Round "6.22"]
[White "Kasperavicius, Jokubas"]
[Black "Kasela, Sten"]
[Result "1-0"]
[WhiteElo "1825"]
[BlackElo "1979"]
[PlyCount "103"]
[EventDate "2008.08.12"]

1. e4 c6 2. Nf3 d5 3. Nc3 dxe4 4. Nxe4 Nd7 5. Bc4 e6 6. O-O Ngf6 7. Nxf6+ Nxf6
8. d4 Bd6 9. c3 O-O 10. Bg5 b5 11. Bb3 h6 12. Bh4 Be7 13. Qd3 Nh5 14. Bxe7 Qxe7
15. Bc2 g6 16. Ne5 Qg5 17. f4 Qf6 18. Rf3 Qg7 19. g4 Nf6 20. Raf1 c5 21. g5 Nh5
22. Ng4 Bb7 23. Nxh6+ Kh8 24. Rh3 cxd4 25. Nxf7+ Qxf7 26. Qxg6 Qxg6 27. Bxg6
Kg7 28. Bxh5 Rad8 29. Rd3 dxc3 30. Rxd8 Rxd8 31. bxc3 Rc8 32. Bf3 Bxf3 33. Rxf3
Rc4 34. Kg2 Ra4 35. Rf2 Rc4 36. Kg3 Rxc3+ 37. Kg4 a5 38. h4 b4 39. Rd2 Rc7 40.
h5 a4 41. h6+ Kg6 42. Rd6 Kf7 43. Ra6 a3 44. Rb6 Rc2 45. Rb7+ Kg8 46. Rxb4 Rxa2
47. Kh5 Kf7 48. Rb7+ Kf8 49. Ra7 Rh2+ 50. Kg6 a2 51. h7 Ke8 52. Rxa2 1-0

[Event "Open A"]
[Site "Panevezys"]
[Date "2008.08.15"]
[Round "6.25"]
[White "Bernotas, Arturs"]
[Black "Bazevicius, Albertas"]
[Result "1-0"]
[WhiteElo "1911"]
[BlackElo "1898"]
[PlyCount "134"]
[EventDate "2008.08.12"]

1. e4 e5 2. Nf3 Nf6 3. Nxe5 d6 4. Nf3 Nxe4 5. d4 d5 6. Bd3 Be7 7. O-O O-O 8. c4
c6 9. Nc3 Nxc3 10. bxc3 Bg4 11. h3 Bh5 12. Re1 Bg6 13. Bxg6 hxg6 14. cxd5 cxd5
15. Qb3 Nc6 16. Qxb7 Qd6 17. Bf4 Qxf4 18. Qxc6 Qd6 19. Qxd6 Bxd6 20. Rac1 Rfc8
21. Kf1 Rab8 22. Rb1 Rxb1 23. Rxb1 Rxc3 24. Rb5 Rc1+ 25. Ke2 Rc2+ 26. Ke3 Rxa2
27. Rxd5 Ra3+ 28. Ke2 Ra2+ 29. Kd3 Ra6 30. g3 Kf8 31. Ne5 Ke7 32. Nc4 Kd7 33.
Nxd6 Rxd6 34. Ra5 a6 35. Kc4 Rc6+ 36. Kd5 Rd6+ 37. Ke4 Re6+ 38. Kd3 Kc7 39. d5
Rb6 40. Ra2 Kd6 41. Kc4 Kd7 42. f4 Kd6 43. g4 Kd7 44. h4 Kc7 45. f5 gxf5 46.
gxf5 g6 47. fxg6 fxg6 48. Rg2 a5 49. Kc5 Rf6 50. Re2 Rf4 51. Re7+ Kd8 52. Rg7
Rxh4 53. Rxg6 a4 54. Kd6 Ke8 55. Rg8+ Kf7 56. Ra8 Rc4 57. Kd7 Kf6 58. d6 Kf7
59. Kd8 Ke6 60. d7 Rd4 61. Ra7 Kd6 62. Ra6+ Kc5 63. Kc7 Kb5 64. Rd6 Rc4+ 65.
Kb7 a3 66. d8=Q a2 67. Rb6+ Ka4 1-0

[Event "Open A"]
[Site "Panevezys"]
[Date "2008.08.15"]
[Round "6.26"]
[White "Pomaro, Stefano"]
[Black "Novikovas, Anatolijus"]
[Result "0-1"]
[WhiteElo "1882"]
[BlackElo "1900"]
[PlyCount "84"]
[EventDate "2008.08.12"]

1. e4 c5 2. b4 cxb4 3. a3 b3 4. cxb3 d6 5. Nf3 Nc6 6. Bc4 e6 7. O-O Nf6 8. d4
d5 9. e5 dxc4 10. exf6 Qxf6 11. Bg5 Qf5 12. Nc3 Be7 13. Bxe7 Nxe7 14. bxc4 O-O
15. Rb1 b6 16. Rb5 Qf4 17. Ne2 Qc7 18. Qd3 Bb7 19. Rh5 g6 20. Ng5 Qc6 21. Nf4
e5 22. dxe5 Rad8 23. Qh3 gxh5 24. Qxh5 h6 25. e6 hxg5 26. Qxg5+ Ng6 27. f3 Qc5+
28. Qxc5 bxc5 29. Nxg6 fxg6 30. e7 Rd3 31. exf8=Q+ Kxf8 32. Rb1 Bc6 33. Rb8+
Ke7 34. Rg8 Be8 35. h4 Rxa3 36. Kf2 Rc3 37. g4 a5 38. Rh8 a4 39. h5 gxh5 40.
gxh5 Rxc4 41. Kg3 a3 42. Rh6 a2 0-1

[Event "Open A"]
[Site "Panevezys"]
[Date "2008.08.15"]
[Round "6.28"]
[White "Januseviciute, Donata"]
[Black "Aleksandravicius, Darius"]
[Result "1-0"]
[WhiteElo "1856"]
[BlackElo "1835"]
[PlyCount "55"]
[EventDate "2008.08.12"]

1. d4 Nf6 2. c4 e6 3. Nf3 b6 4. Bg5 h6 5. Bh4 g5 6. Bg3 Bb4+ 7. Nbd2 Ne4 8. a3
Nxg3 9. hxg3 Be7 10. e4 d5 11. cxd5 exd5 12. exd5 Qxd5 13. Bc4 Qf5 14. Ne5 Be6
15. g4 Qf4 16. Bxe6 fxe6 17. Qa4+ c6 18. Ng6 Qf6 19. Nxh8 Qxh8 20. Qc4 Kd7 21.
Nf3 Qf6 22. Ne5+ Kc7 23. Rc1 c5 24. O-O Nc6 25. Nxc6 Kxc6 26. Rfe1 Kd7 27. Rcd1
Rf8 28. dxc5+ 1-0

[Event "Open A"]
[Site "Panevezys"]
[Date "2008.08.15"]
[Round "6.29"]
[White "Ralys, Vincas"]
[Black "Jankunas, Valentinas"]
[Result "0-1"]
[WhiteElo "1841"]
[BlackElo "1843"]
[PlyCount "60"]
[EventDate "2008.08.12"]

1. e4 e5 2. Nf3 Nf6 3. Nxe5 d6 4. Nf3 Nxe4 5. Nc3 Nxc3 6. dxc3 Nc6 7. Bc4 Be7
8. Be3 Ne5 9. Nxe5 dxe5 10. Qh5 O-O 11. Qxe5 Bd6 12. Qd4 Qe7 13. O-O-O Be6 14.
Rhe1 Bxc4 15. Qxc4 Qf6 16. g4 Rfe8 17. g5 Qf3 18. h4 Re6 19. Rh1 Rae8 20. h5
Qe4 21. Qb5 Bf4 22. Bxf4 Qxf4+ 23. Kb1 Qf3 24. g6 fxg6 25. hxg6 hxg6 26. Qc5
Qxh1 27. b3 Qxd1+ 28. Kb2 Qd6 29. Qxa7 b5 30. a3 Qb6 0-1

[Event "Open A"]
[Site "Panevezys"]
[Date "2008.08.16"]
[Round "7.2"]
[White "Gabrilavicius, Arunas"]
[Black "Kveinys, Aloyzas"]
[Result "0-1"]
[WhiteElo "2123"]
[BlackElo "2527"]
[PlyCount "40"]
[EventDate "2008.08.12"]

1. e4 c5 2. Nf3 e6 3. d4 cxd4 4. Nxd4 a6 5. Bd3 Nf6 6. O-O Qc7 7. Qe2 d6 8. Be3
g6 9. c4 Bg7 10. Nc3 Nbd7 11. Rac1 Ne5 12. Bb1 O-O 13. Rfd1 Bd7 14. b3 Neg4 15.
Bg5 d5 16. Nf3 dxe4 17. Nxe4 Bc6 18. Nxf6+ Nxf6 19. Ne5 Ne4 20. Bxe4 Qxe5 0-1

[Event "Open A"]
[Site "Panevezys"]
[Date "2008.08.16"]
[Round "7.3"]
[White "Malisauskas, Vidmantas"]
[Black "Dambrauskas, Virginijus"]
[Result "1-0"]
[WhiteElo "2476"]
[BlackElo "2341"]
[PlyCount "49"]
[EventDate "2008.08.12"]

1. e4 c6 2. d4 d5 3. e5 Bf5 4. Nf3 e6 5. Be2 b5 6. O-O Nd7 7. a4 b4 8. a5 c5 9.
c4 Bxb1 10. Rxb1 Qxa5 11. cxd5 exd5 12. Ng5 Nh6 13. e6 Nf6 14. exf7+ Nxf7 15.
Bh5 g6 16. Re1+ Be7 17. Bf3 Nd6 18. dxc5 Nfe4 19. Nxe4 dxe4 20. Bxe4 Nxe4 21.
Rxe4 Qxc5 22. Be3 Qb5 23. Qd6 Qd7 24. Qxd7+ Kxd7 25. Rd1+ 1-0